000
00251nam a2200097Ia 4500
001
683553
005
20250826161440.0
008
250824s9999 xx 000 0 und d
245
0
_a
İNANILMAZ ÖZEL EFEKTLER
_c
DİANA KİMPTON
260
_b
TİMAŞ YAYINLARI
999
_c
683553
_d
683553